| 000 | 00508nam a2200181Ia 4500 | ||
|---|---|---|---|
| 005 | 20250326124319.0 | ||
| 008 | 250326s9999 xx 000 0 und d | ||
| 037 | _aTextbook | ||
| 040 |
_aFMSL _beng _cFMSL |
||
| 041 |
_aeng _2eng |
||
| 084 |
_aX:7 K4 _qFMSL |
||
| 100 |
_aStigler G L _9737208 |
||
| 245 | 0 |
_aReadings in price theory _cStigler G L; Boulding K E |
|
| 260 |
_aLondon _bLondon, George Allen And Unwin _c1964 |
||
| 300 | _a567p | ||
| 942 |
_cTB _hX:7 K4 |
||
| 999 |
_c1273223 _d1273223 |
||